Cite os 15 partidos nos quais tiveram mais governadores de 82 pra cá. - Statistics

Estatísticas Gerais
  • Esse quiz foi jogado 206 vezes
  • A pontuação média é 11 de 15
Estatísticas das Respostas
Resposta % Correto
31 PT
100%
6 PSD
97%
46 PSDB
94%
77 PMDB
83%
5 PP
83%
26 PSB
81%
14 PDT
79%
6 MDB
78%
4 DEM
72%
23 PFL
65%
4 PSL
65%
3 PTB
64%
4 UNIÃO BRASIL
56%
4 PPS
49%
13 PDS
47%
Nenhum quiz correspondente encontrado
Distribuição das Pontuações
Porcentagem de Pessoas com Cada Pontuação
Percentil de Números Respondidos
Sua Pontuação Histórica
Você não jogou esse quiz